| 000 | 01872 a2200241 4500 | ||
|---|---|---|---|
| 001 | 41215 | ||
| 005 | 20260407155706.0 | ||
| 008 | 260407a2002 arg spa d | ||
| 003 | AR-UNSa-BCEJYS | ||
| 040 |
_aAR-UNSa-BCEJYS _bspa _cAR-UNSa-BCEJYS |
||
| 080 |
_a347.72 _xSociedades comerciales |
||
| 245 | 1 | 0 | _aResponsabilidad patrimonial solidaria de directores y administradores por deudas impositivas de las sociedades comerciales |
| 020 | _a950-894-321-1 | ||
| 250 | _a2a. ed. | ||
| 264 | 1 |
_aBuenos Aires : _bAD-HOC _c2002 |
|
| 300 |
_a172 p. _c23 cm. |
||
| 505 | _a1. La cuestión planteada y una modificación legal - 2. Ejemplos no fiscales de responsabilidad personal en las sociedades: La forma societaria no es un escudo impenetrable - 3. No es automática ni objetiva - 4. Admite prueba en contrario pesando la carga de la prueba sobre el imputado - 5. Para ser imputado no basta con tener o haber tenido uno de los cargos enumerados - 6. Es a título represivo - 7. Debe aplicarse restrictivamente - 8. No es excusada por la previa adhesión del contribuyente a un plan de pagos luego incumplido - 9. Su aplicación depende de una decisión jurisdiccional - 10. Sólo puede nacer de la Ley - 11. Sólo alcanza a quienes administraron o dispusieron de los recursos societarios - 12. No excusa de su aplicación haber atendido otras erogaciones - 13. Una teoría general jurisprudencial relativa - 14. Procedimiento. Intimación previa al deudor principal - 15. El fallo "Calvo, Luis Enrique y otro" - 16. El fallo "Gutierrez, Emilio" - 17. El fallo "Salvatierra, Mario Rodolfo y otro" - 18. El fallo "Masjuan, Francisco" - 19. Conclusiones | ||
| 041 | _aspa | ||
| 942 | _cBK | ||
| 590 | _aniveau_biblio:m niveau_hierar:0 | ||
| 100 | 1 | _aHighton, Federico R. | |
| 856 | 4 | 1 |
_uhttps://biblioeco.unsa.edu.ar/pmb/images/libros/127.jpg _yImagen de portada _qimage/jpeg |
| 999 |
_c3428 _d3428 |
||